Čierny mramor z Marianky alebo po stopách slávnej ťažby mariatálskej bridlice

Gespeichert in:
Bibliographische Detailangaben
1. Verfasser: Kráľ, Jozef
Weitere Verfasser: Lehotský, Roman, Sand, Ján
Format: Buch
Sprache:Slowakisch
Veröffentlicht: Marianka Permon 2011
Schriftenreihe:Marianka, ako ju možno nepoznáte
Schlagworte:
Tags: Tag hinzufügen
Keine Tags, Fügen Sie das erste Tag hinzu!

MARC

LEADER 00000nam a2200000 4500
001 0149011
005 20240502072700.2
020 |a 978-80-970674-0-3 
041 0 |a slo 
044 |a SK 
245 1 0 |a Čierny mramor z Marianky alebo po stopách slávnej ťažby mariatálskej bridlice  |c Jozef Kráľ, Roman Lehotský, Ján Sand 
264 1 |a Marianka  |b Permon  |c 2011 
300 |a [27 s., 1,75 AH] 
490 1 |a Marianka, ako ju možno nepoznáte 
830 0 |a Marianka, ako ju možno nepoznáte 
610 2 0 |a ťažba surovín 
610 2 0 |a bane 
610 2 0 |a regióny 
610 2 0 |a história 
100 1 |a Kráľ, Jozef 
700 1 |a Lehotský, Roman 
700 1 |a Sand, Ján